|
|
|
|
| LEADER |
00685cam a2200217 a 4500 |
| 001 |
0000116910 |
| 005 |
20111208090000.0 |
| 040 |
|
|
|a mod
|
| 041 |
|
|
|a eng
|
| 020 |
0 |
0 |
|a 9789833316373
|
| 090 |
0 |
0 |
|a 153.8
|b ALI
|
| 100 |
0 |
0 |
|a Alif Redzuan
|y 1968-
|
| 245 |
1 |
0 |
|a Gagal tapi cemerlang
|c Alif Redzuan
|
| 260 |
0 |
0 |
|a Bangi, Selangor
|b KarnaDya Solutions
|c [200?]
|
| 300 |
0 |
0 |
|a 148 p.
|c 19 cm
|
| 504 |
0 |
0 |
|a Includes bibliographical references
|
| 650 |
0 |
0 |
|a Success
|x Anecdotes
|
| 650 |
0 |
0 |
|a Motivation (Psychology)
|x Anecdotes
|
| 852 |
0 |
0 |
|a 01
|
| 999 |
|
|
|a 0283090
|b KEMENTAH
|d BOOKS
|e Umum
|f Perpustakaan KEMENTAH
|j AVAILABLE
|q GOOD CONDITION
|
| 999 |
|
|
|a 0292290
|b INSAN
|d BOOKS
|e Umum
|f INSAN
|j AVAILABLE
|q GOOD CONDITION
|